[Event "EOBCC 2020"]
[Site "Online"]
[Date "2020.12.18"]
[Round "1.108"]
[White "Dourerassou, Jonathan"]
[Black "Sochacki, Wojtek"]
[Result "0-1"]
[WhiteElo "2477"]
[BlackElo "2320"]
[PlyCount "76"]
[EventDate "2020.12.18"]
[EventType "tourn"]
[EventCountry "NET"]

1. e4 e5 2. Nf3 Nc6 3. Bc4 Nf6 4. d3 Be7 5. O-O O-O 6. Bb3 d6 7. h3 a5 8. c3 h6 9. Nbd2 Be6 10. Re1 Qd7 11. Nf1 Bxb3 12. axb3 Rfe8 13. Ng3 Bf8 14. Nh4 d5 15. Qf3 dxe4 16. dxe4 Qe6 17. Nhf5 Kh7 18. Qd1 Rad8 19. Qc2 g6 20. Ne3 Bc5 21. Nc4 b6 22. Be3 Bxe3 23. Nxe3 Re7 24. Rad1 Red7 25. Rxd7 Rxd7 26. Rd1 Nd8 27. Rd2 Nb7 28. b4 axb4 29. cxb4 Rxd2 30. Qxd2 Nd6 31. f3 Qb3 32. Ne2 Kg7 33. Kf2 Nfxe4+ 34. fxe4 Nxe4+ 35. Ke1 Nxd2 36. Kxd2 Qxb2+ 37. Ke1 Qxb4+ 38. Kf2 c5 0-1

[Event "EOBCC 2020"]
[Site "Online"]
[Date "2020.12.18"]
[Round "1.109"]
[White "Vitenberg, Noam Aviv"]
[Black "Kazakouski, Valery"]
[Result "0-1"]
[WhiteElo "2320"]
[BlackElo "2473"]
[PlyCount "142"]
[EventDate "2020.12.18"]
[EventType "tourn"]
[EventCountry "NET"]

1. d4 Nf6 2. c4 e6 3. Nc3 Bb4 4. e3 b6 5. Bd3 Bb7 6. f3 c5 7. Nge2 cxd4 8. Nxd4 Bxc3+ 9. bxc3 Na6 10. O-O O-O 11. e4 d6 12. Bg5 h6 13. Bh4 Nc5 14. Bc2 Rc8 15. Qe2 Ba6 16. Rad1 Qe7 17. Nb5 Bxb5 18. cxb5 Ncd7 19. f4 Rc5 20. Qd3 Rfc8 21. c4 e5 22. Bb3 exf4 23. Qxd6 Qxd6 24. Rxd6 g5 25. Bf2 Re5 26. Rfd1 Rc7 27. Bd4 Re6 28. e5 Rxd6 29. exd6 Rc8 30. Re1 Re8 31. Re7 Kf8 32. Rxe8+ Nxe8 33. c5 bxc5 34. Bf2 Nxd6 35. Bd5 Ke7 36. Bc6 Ke6 37. a4 c4 38. Bxa7 c3 39. Bd4 c2 40. Bb2 Nc4 41. Bc1 Nc5 42. Bf3 Nb3 43. Bg4+ f5 44. Be2 Nca5 45. Bb2 c1=Q+ 46. Bxc1 Nxc1 47. Bf1 Ncb3 48. b6 Nc5 49. Bb5 Nd7 50. b7 Nxb7 51. Bc6 Na5 52. Bb5 Nc5 53. Kf2 Ke5 54. Kf3 g4+ 55. Ke2 Kd4 56. h3 h5 57. Be8 h4 58. Bh5 f3+ 59. gxf3 g3 60. f4 Ne6 61. Bf7 Nxf4+ 62. Kf3 Nxh3 63. Be6 Ng5+ 64. Kg2 Nxe6 65. Kf3 f4 66. Kg2 Ke3 67. Kh3 Kf2 68. Kg4 g2 69. Kh3 g1=Q 70. Kxh4 Qg3+ 71. Kh5 Qg5# 0-1

[Event "EOBCC 2020"]
[Site "Online"]
[Date "2020.12.18"]
[Round "1.110"]
[White "Roshka, Yevgeniy"]
[Black "Gabdrakhmanov, Azat"]
[Result "0-1"]
[WhiteElo "2476"]
[BlackElo "2319"]
[PlyCount "106"]
[EventDate "2020.12.18"]
[EventType "tourn"]
[EventCountry "NET"]

1. d4 Nf6 2. c4 g6 3. Nc3 Bg7 4. e4 d6 5. Nge2 O-O 6. Ng3 c5 7. d5 e6 8. Be2 exd5 9. exd5 Re8 10. O-O a6 11. a4 Nbd7 12. h3 Rb8 13. Bf4 Ne5 14. Qd2 Qa5 15. Bh6 Qb4 16. Bxg7 Kxg7 17. a5 b5 18. cxb5 axb5 19. a6 Nc4 20. Bxc4 bxc4 21. a7 Ra8 22. Ra4 Qb6 23. Rfa1 Bb7 24. Qg5 Re5 25. Qd2 Nxd5 26. Nge2 Nb4 27. Nf4 d5 28. Ra5 d4 29. Nce2 Nd5 30. Nxd5 Bxd5 31. Nf4 Bb7 32. Qc2 Qf6 33. g3 Qc6 34. f3 Qxf3 35. Qg2 Qxg2+ 36. Nxg2 Re2 37. Nf4 Rxb2 38. Rxc5 c3 39. Rc7 Be4 40. Ne6+ Kg8 41. Nxd4 c2 42. Rf1 Bd3 43. Rfxf7 c1=Q+ 44. Rxc1 Kxf7 45. Rc7+ Kf6 46. Nc6 Ra2 47. Rb7 Be4 48. Rb6 Ra1+ 49. Kf2 Bxc6 50. Rxc6+ Kg7 51. Rc7+ Kh6 52. h4 R8xa7 53. Kg2 Rxc7 0-1

[Event "EOBCC 2020"]
[Site "Online"]
[Date "2020.12.18"]
[Round "1.111"]
[White "Hurdzan, Tomas"]
[Black "Iskusnyh, Sergei"]
[Result "1-0"]
[WhiteElo "2317"]
[BlackElo "2473"]
[PlyCount "73"]
[EventDate "2020.12.18"]
[EventType "tourn"]
[EventCountry "NET"]

1. c4 c5 2. Nf3 g6 3. d4 cxd4 4. Nxd4 Nc6 5. Nc3 Bg7 6. Nc2 d6 7. g3 Be6 8. Ne3 Bxc3+ 9. bxc3 Nf6 10. Bg2 Rc8 11. Nd5 Bxd5 12. cxd5 Ne5 13. Bh6 Nfg4 14. Bd2 O-O 15. h3 Nf6 16. O-O Qa5 17. Qb3 b6 18. Rac1 Rc7 19. e4 Rfc8 20. Rfd1 Nd3 21. Rc2 Nc5 22. Qb4 Qxb4 23. cxb4 Ncxe4 24. Rxc7 Rxc7 25. Be3 Nc3 26. Rd2 Nb1 27. Rb2 Na3 28. Bd4 Rc1+ 29. Kh2 Nb5 30. Be3 Rc3 31. a4 Na3 32. a5 Nc4 33. Ra2 Nxe3 34. fxe3 Rxe3 35. axb6 axb6 36. Ra6 b5 37. Rb6 1-0

[Event "EOBCC 2020"]
[Site "Online"]
[Date "2020.12.18"]
[Round "1.112"]
[White "Costachi, Mihnea"]
[Black "Nazaretyan, Tigran"]
[Result "1-0"]
[WhiteElo "2471"]
[BlackElo "2316"]
[PlyCount "87"]
[EventDate "2020.12.18"]
[EventType "tourn"]
[EventCountry "NET"]

1. d4 Nf6 2. c4 c5 3. d5 b5 4. Qc2 g6 5. e4 d6 6. cxb5 Bg7 7. Nc3 O-O 8. Nf3 a6 9. a4 Qa5 10. Bd2 Nbd7 11. Ra3 Qc7 12. Be2 axb5 13. axb5 Bb7 14. O-O Rxa3 15. bxa3 Ra8 16. a4 Nb6 17. Ra1 e6 18. dxe6 fxe6 19. a5 Nxe4 20. Ra2 Nxd2 21. Nxd2 Nd5 22. Nxd5 Bxd5 23. b6 Qc6 24. Bf3 Qb5 25. Bxd5 exd5 26. Qb3 Rxa5 27. Rxa5 Qxa5 28. b7 Qxd2 29. b8=Q+ Bf8 30. g3 c4 31. Qf3 Qe1+ 32. Kg2 Qe7 33. Qxd5+ Qf7 34. Qxf7+ Kxf7 35. Qc7+ Be7 36. Qxc4+ Kf6 37. f4 h5 38. Kf3 Bf8 39. h3 Be7 40. g4 hxg4+ 41. hxg4 Bf8 42. Ke4 g5 43. fxg5+ Kxg5 44. Qg8+ 1-0

[Event "EOBCC 2020"]
[Site "Online"]
[Date "2020.12.18"]
[Round "1.114"]
[White "Matinian, Nikita"]
[Black "Vesselovsky, Serguei"]
[Result "1-0"]
[WhiteElo "2470"]
[BlackElo "2316"]
[PlyCount "83"]
[EventDate "2020.12.18"]
[EventType "tourn"]
[EventCountry "NET"]

1. e4 c5 2. Nf3 g6 3. c3 Nf6 4. e5 Nd5 5. Bc4 Nb6 6. Bb3 Bg7 7. d4 cxd4 8. cxd4 O-O 9. h4 d5 10. h5 Bg4 11. hxg6 fxg6 12. Nc3 Nc6 13. Be3 Na5 14. Rh4 Bxf3 15. gxf3 e6 16. Rg4 Nxb3 17. axb3 a6 18. f4 Rc8 19. Qf3 Rf5 20. Rg5 Qf8 21. Qh3 h6 22. Rxg6 Qf7 23. Qxh6 Nd7 24. Ke2 Nf8 25. Rg5 Rxg5 26. Qxg5 Ng6 27. Rg1 Ne7 28. Na4 Nf5 29. Nc5 b6 30. Nd3 Rc7 31. Qd8+ Kh7 32. Rh1+ Bh6 33. Kf3 Qe7 34. Qxe7+ Rxe7 35. Rc1 Kg7 36. Rc6 Kf7 37. Rxb6 a5 38. Nc5 Nh4+ 39. Ke2 Nf5 40. b4 axb4 41. Rxb4 Nh4 42. Rb6 1-0

[Event "EOBCC 2020"]
[Site "Online"]
[Date "2020.12.18"]
[Round "1.115"]
[White "Ivlev, Aleksey"]
[Black "Golubov, Saveliy"]
[Result "0-1"]
[WhiteElo "2315"]
[BlackElo "2470"]
[PlyCount "119"]
[EventDate "2020.12.18"]
[EventType "tourn"]
[EventCountry "NET"]

1. d4 g6 2. Nf3 Bg7 3. c4 d6 4. Nc3 Nf6 5. e4 O-O 6. Be2 Nbd7 7. Be3 e5 8. d5 Nh5 9. g3 a5 10. O-O Nc5 11. Nd2 Nf6 12. b3 Bh3 13. Re1 Qc8 14. a3 Ng4 15. Bxg4 Bxg4 16. f3 Bd7 17. Qe2 f5 18. b4 Na6 19. Rab1 f4 20. Bf2 fxg3 21. hxg3 axb4 22. axb4 Qd8 23. Be3 h5 24. c5 Qe7 25. c6 bxc6 26. dxc6 Be6 27. Nd5 Qf7 28. Qd3 Rfb8 29. b5 Nc5 30. Bxc5 dxc5 31. Nc4 Rd8 32. Red1 h4 33. g4 Rf8 34. Rf1 Rad8 35. Rbd1 Kh7 36. Qe3 Bxd5 37. exd5 Rxd5 38. Qe4 Rd4 39. Rxd4 exd4 40. Nb2 Re8 41. Qd3 Re3 42. Qd2 c4 43. Qh2 g5 44. b6 cxb6 45. c7 Re8 46. Qc2+ d3 47. Qxc4 Qxc4 48. Nxc4 Rc8 49. Nxb6 Bd4+ 50. Kg2 Bxb6 51. Rd1 Rxc7 52. Rxd3 Rc2+ 53. Kf1 Bc5 54. Rd7+ Kg6 55. Rc7 h3 56. Rc6+ Kf7 57. Rc7+ Ke6 58. Rh7 h2 59. Rh6+ Ke5 60. f4+ 0-1

[Event "EOBCC 2020"]
[Site "Online"]
[Date "2020.12.18"]
[Round "1.116"]
[White "Kuzmicz, Krystian"]
[Black "Ongut, Tamas Gunes"]
[Result "1-0"]
[WhiteElo "2469"]
[BlackElo "2332"]
[PlyCount "89"]
[EventDate "2020.12.18"]
[EventType "tourn"]
[EventCountry "NET"]

1. e4 e5 2. Nf3 Nc6 3. Nc3 Nf6 4. a3 d5 5. Bb5 dxe4 6. Nxe5 Qd6 7. d4 exd3 8. Bf4 d2+ 9. Qxd2 Qxd2+ 10. Kxd2 Bd6 11. Bg3 Bd7 12. Nxd7 Kxd7 13. Rad1 Bxg3 14. hxg3 Rad8 15. Kc1+ Kc8 16. Bc4 Ne5 17. Bb3 Neg4 18. Rxd8+ Rxd8 19. f3 Ne3 20. Rg1 Nf5 21. g4 Nd6 22. g5 Nh5 23. Rh1 g6 24. g4 Nf4 25. Rxh7 Re8 26. Bxf7 Re3 27. Bd5 c6 28. Be4 Nc4 29. Kb1 Nd2+ 30. Ka2 Nxf3 31. Bxf3 Rxf3 32. Rf7 Rf2 33. Ne4 Rf1 34. Nd6+ Kd8 35. Nxb7+ Ke8 36. Nd6+ Kd8 37. Nc4 Rf2 38. Ne5 Ke8 39. Rf6 Ke7 40. Nxg6+ Nxg6 41. Rxf2 Ne5 42. Re2 Kd6 43. Rxe5 Kxe5 44. Kb3 Kf4 45. g6 1-0

[Event "EOBCC 2020"]
[Site "Online"]
[Date "2020.12.18"]
[Round "1.117"]
[White "Brozyna, Mateusz"]
[Black "Schitco, Ivan"]
[Result "0-1"]
[WhiteElo "2312"]
[BlackElo "2467"]
[PlyCount "108"]
[EventDate "2020.12.18"]
[EventType "tourn"]
[EventCountry "NET"]

1. e4 e5 2. Nf3 Nc6 3. Bc4 Nf6 4. d3 Bc5 5. Bb3 a6 6. Nbd2 Ba7 7. O-O O-O 8. h3 h6 9. Re1 d6 10. c3 Re8 11. Nf1 Be6 12. Bc2 d5 13. Qe2 b5 14. Ng3 dxe4 15. Nxe4 Nxe4 16. Qxe4 Bd5 17. Qg4 Qf6 18. Qg3 Rad8 19. Nd2 Ne7 20. Ne4 Qg6 21. Qxg6 Nxg6 22. a4 Bb6 23. axb5 axb5 24. Be3 Bxe3 25. Rxe3 Ra8 26. Ree1 Kf8 27. g3 f6 28. Nc5 Ne7 29. h4 Red8 30. b4 Kf7 31. Ra5 Rxa5 32. bxa5 Ra8 33. Ra1 Nc6 34. a6 Ke7 35. Rb1 Na7 36. d4 Kd6 37. Bd3 Kc6 38. Be4 Bxe4 39. Nxe4 Kd5 40. Nc5 exd4 41. cxd4 Re8 42. Rc1 c6 43. Nb3 Rb8 44. Rc5+ Kd6 45. h5 Rb6 46. Nd2 Rxa6 47. Ne4+ Kd7 48. g4 Ra4 49. Ng3 Rxd4 50. f3 Rc4 51. Rf5 b4 52. Ra5 Nb5 53. Nf5 b3 54. Ra1 b2 0-1

[Event "EOBCC 2020"]
[Site "Online"]
[Date "2020.12.18"]
[Round "1.118"]
[White "Davtyan, Artur"]
[Black "Zovko, Mario"]
[Result "1/2-1/2"]
[WhiteElo "2466"]
[BlackElo "2312"]
[PlyCount "185"]
[EventDate "2020.12.18"]
[EventType "tourn"]
[EventCountry "NET"]

1. d4 d5 2. c4 e6 3. Nc3 c5 4. cxd5 exd5 5. Nf3 Nc6 6. e3 c4 7. b3 Bb4 8. Bd2 Bxc3 9. Bxc3 b5 10. bxc4 bxc4 11. Be2 Nf6 12. Ne5 Bd7 13. O-O O-O 14. Bf3 Re8 15. Rb1 Qc7 16. Qc2 g6 17. Nxd7 Qxd7 18. Rb5 Rab8 19. Rfb1 Rxb5 20. Rxb5 Rb8 21. Qb1 Rxb5 22. Qxb5 Kg7 23. a4 Qd6 24. g3 h5 25. h4 Qd7 26. Kg2 Qd6 27. a5 Qd7 28. a6 Qd6 29. Qb7 Qe6 30. Kg1 Qd6 31. Bg2 Qe6 32. Qc7 Kg8 33. Bf3 Kg7 34. Kg2 Ne4 35. Be1 c3 36. Bd1 Nd2 37. Bc2 Ne4 38. Kg1 Nd2 39. Kg2 Ne4 40. Kf1 Qh3+ 41. Kg1 Qe6 42. Bxe4 dxe4 43. Bxc3 Qd5 44. Bb2 Nb4 45. Qxa7 Nd3 46. Qb6 Qa2 47. d5+ Nxb2 48. Qd4+ Kh7 49. Qxe4 Nd1 50. Qf3 Qb1 51. Qxf7+ Kh6 52. Qf4+ Kh7 53. Kg2 Nc3 54. d6 Ne2 55. Qf7+ Kh6 56. Qf8+ Kh7 57. Qf3 Qg1+ 58. Kh3 Qf1+ 59. Qg2 Qd1 60. a7 Ng1+ 61. Qxg1 Qxg1 62. a8=Q Qxf2 63. d7 Qf5+ 64. Kh2 Qxd7 65. Qg2 Qd3 66. Qf2 Kh6 67. Qf4+ Kh7 68. Qf7+ Kh6 69. Qf3 Qd2+ 70. Kh3 Qe1 71. e4 Kh7 72. Kg2 Kh6 73. Qf4+ Kh7 74. e5 Qe2+ 75. Kh3 Qe1 76. Kh2 Qe2+ 77. Kh3 Qe1 78. g4 Qh1+ 79. Kg3 Qg1+ 80. Kf3 Qd1+ 81. Kf2 Qc2+ 82. Kg3 Qc3+ 83. Kg2 Qc2+ 84. Kf3 Qd1+ 85. Ke4 hxg4 86. e6 Qe2+ 87. Qe3 Qxe3+ 88. Kxe3 Kg7 89. Kf4 Kf6 90. Kxg4 Kxe6 91. Kg5 Kf7 92. h5 gxh5 93. Kxh5 1/2-1/2

[Event "EOBCC 2020"]
[Site "Online"]
[Date "2020.12.18"]
[Round "1.119"]
[White "Karpus, Michal"]
[Black "Fernandez, Daniel Howard"]
[Result "1-0"]
[WhiteElo "2311"]
[BlackElo "2466"]
[PlyCount "91"]
[EventDate "2020.12.18"]
[EventType "tourn"]
[EventCountry "NET"]

1. e4 c5 2. Nf3 d6 3. d4 Nf6 4. Nc3 cxd4 5. Nxd4 a6 6. Be3 e5 7. Nb3 Be6 8. Qd2 Nbd7 9. f3 h5 10. O-O-O Rc8 11. Kb1 Be7 12. h4 b5 13. Nd5 Nxd5 14. exd5 Bf5 15. Bd3 Bxd3 16. Qxd3 Qc7 17. g4 Qc4 18. Qd2 Bd8 19. Qg2 g6 20. Bg5 hxg4 21. Bxd8 gxf3 22. Qxf3 Qxc2+ 23. Ka1 Rxd8 24. Na5 Rc8 25. Nc6 Rh5 26. Qa3 Nc5 27. Qg3 Na4 28. Rb1 Nb6 29. Rhc1 Qa4 30. Qh3 Qxh4 31. Qa3 Rd8 32. Qxa6 Nc4 33. Nxd8 Kxd8 34. Qxb5 Na3 35. bxa3 Ke7 36. Qb7+ Kf8 37. Qb8+ Kg7 38. Qxd6 Qd4+ 39. Rb2 Qf4 40. Re1 Rf5 41. Qb4 Qf2 42. d6 Qa7 43. Rd2 Rf4 44. Qc3 Rf5 45. Rxe5 Rf1+ 46. Re1+ 1-0

[Event "EOBCC 2020"]
[Site "Online"]
[Date "2020.12.18"]
[Round "1.120"]
[White "Firat, Burak"]
[Black "Antonov, Alexandr"]
[Result "1-0"]
[WhiteElo "2474"]
[BlackElo "2309"]
[PlyCount "99"]
[EventDate "2020.12.18"]
[EventType "tourn"]
[EventCountry "NET"]

1. d4 d5 2. Nf3 Nf6 3. c4 e6 4. g3 dxc4 5. Bg2 Bb4+ 6. Bd2 a5 7. O-O O-O 8. Qc2 b6 9. Bg5 Bb7 10. Qxc4 Nbd7 11. a3 Be7 12. Nc3 Rc8 13. Rfd1 Nd5 14. Bxe7 Qxe7 15. Nxd5 Bxd5 16. Qd3 f5 17. Rac1 Nf6 18. Ne5 Bxg2 19. Kxg2 Nd5 20. Nc6 Qd6 21. e3 g5 22. Qe2 f4 23. Qg4 Kh8 24. e4 f3+ 25. Kg1 Nf6 26. Qxf3 g4 27. Qe3 Qd7 28. Ne5 Qg7 29. Rc6 Rce8 30. Rdc1 Re7 31. b4 axb4 32. axb4 Nd7 33. Nxd7 Rxd7 34. e5 Qf7 35. R1c2 Ra8 36. Kg2 Ra1 37. d5 Qh5 38. h4 gxh3+ 39. Kh2 Qd1 40. Rc1 Rxc1 41. Rxc1 Qxd5 42. Kxh3 Rg7 43. Qf4 Qd8 44. b5 Qg8 45. Rc6 h5 46. Qh6+ Rh7 47. Qf6+ Rg7 48. Rxc7 Kh7 49. Rxg7+ Qxg7 50. Qxe6 1-0

[Event "EOBCC 2020"]
[Site "Online"]
[Date "2020.12.18"]
[Round "1.121"]
[White "Ozenir, Ekin Baris"]
[Black "Stefanova, Antoaneta"]
[Result "1/2-1/2"]
[WhiteElo "2309"]
[BlackElo "2466"]
[PlyCount "123"]
[EventDate "2020.12.18"]
[EventType "tourn"]
[EventCountry "NET"]

1. d4 d5 2. c4 c6 3. Nf3 Nf6 4. Qc2 g6 5. Bf4 Bg7 6. e3 O-O 7. Nc3 Na6 8. a3 Nh5 9. Be5 f6 10. Bg3 Nxg3 11. hxg3 Nc7 12. Bd3 f5 13. O-O-O h6 14. Nh4 Rf6 15. f4 dxc4 16. Bxc4+ Be6 17. Bxe6+ Rxe6 18. Rhe1 Nd5 19. Qd2 Nxc3 20. Qxc3 Qd5 21. Kb1 b5 22. Nf3 a5 23. Qc2 b4 24. a4 b3 25. Qc3 Rb8 26. Ne5 Qxg2 27. Qc4 Qd5 28. Rc1 Qxc4 29. Rxc4 Bxe5 30. dxe5 Rd8 31. Rd4 Rxd4 32. exd4 g5 33. g4 c5 34. gxf5 Ra6 35. fxg5 hxg5 36. dxc5 Rc6 37. Rg1 Rxc5 38. Rxg5+ Kf7 39. Rg3 Rxe5 40. Rxb3 Re4 41. Rb5 Rxa4 42. Kc2 Kf6 43. b3 Ra1 44. Kb2 Rf1 45. Rxa5 Rxf5 46. b4 Rf2+ 47. Kc3 e5 48. Kd3 Ke6 49. b5 Rb2 50. Ke4 Rb4+ 51. Ke3 Kd6 52. Ra6+ Kd5 53. Rb6 Rb3+ 54. Ke2 Kc5 55. Re6 Kd5 56. Rb6 e4 57. Rb8 Kc5 58. Re8 Rxb5 59. Rxe4 Rb2+ 60. Kf3 Rb3+ 61. Re3 Rxe3+ 62. Kxe3 1/2-1/2

[Event "EOBCC 2020"]
[Site "Online"]
[Date "2020.12.18"]
[Round "1.122"]
[White "Murzin, Volodar"]
[Black "Mamedjarova, Turkan"]
[Result "1-0"]
[WhiteElo "2470"]
[BlackElo "2309"]
[PlyCount "105"]
[EventDate "2020.12.18"]
[EventType "tourn"]
[EventCountry "NET"]

1. e4 e5 2. Nf3 Nc6 3. Bb5 a6 4. Ba4 Nf6 5. d3 b5 6. Bb3 Bc5 7. O-O O-O 8. c3 d6 9. a4 Bb7 10. Nbd2 b4 11. Nc4 bxc3 12. bxc3 h6 13. a5 Qe7 14. Nh4 Qd7 15. Ba4 Qg4 16. Qxg4 Nxg4 17. Rb1 Nd8 18. Nf5 d5 19. Rxb7 Nxb7 20. exd5 Nd6 21. Ncxd6 cxd6 22. Ne7+ Kh8 23. Nc6 Rac8 24. h3 Nxf2 25. Rxf2 Bxf2+ 26. Kxf2 Rc7 27. Be3 f5 28. Bb6 Rcf7 29. c4 e4 30. Nd4 exd3 31. Ke3 f4+ 32. Kxd3 Rf6 33. Ne6 R8f7 34. Ke4 Re7 35. Kf3 Rff7 36. Bc6 g5 37. c5 dxc5 38. Bxc5 Rc7 39. Nxc7 Rxc7 40. Bb6 Rc8 41. d6 Rxc6 42. d7 Rd6 43. d8=Q+ Rxd8 44. Bxd8 Kg7 45. Ke4 Kg6 46. Ke5 h5 47. Bb6 Kh6 48. h4 gxh4 49. Kxf4 Kg6 50. Bd8 Kh6 51. Bxh4 Kg6 52. Bg5 h4 53. Bxh4 1-0

[Event "EOBCC 2020"]
[Site "Online"]
[Date "2020.12.18"]
[Round "1.123"]
[White "Radeva, Viktoria"]
[Black "Shubin, Kirill"]
[Result "0-1"]
[WhiteElo "2274"]
[BlackElo "2441"]
[PlyCount "80"]
[EventDate "2020.12.18"]
[EventType "tourn"]
[EventCountry "NET"]

1. e4 e6 2. d4 d5 3. Nd2 Nc6 4. Ngf3 Nf6 5. e5 Nd7 6. c3 f6 7. exf6 Qxf6 8. Bd3 Bd6 9. Nf1 O-O 10. Ng3 e5 11. Bg5 Qe6 12. dxe5 Ndxe5 13. Nxe5 Nxe5 14. O-O h6 15. Be3 Ng4 16. Bf5 Rxf5 17. Qxg4 Rf8 18. Qxe6+ Bxe6 19. Rad1 a5 20. Ne2 Rae8 21. Nd4 Bd7 22. Rfe1 a4 23. a3 c5 24. Nc2 Bc6 25. f3 b6 26. Bf2 Rxe1+ 27. Rxe1 Re8 28. Rxe8+ Bxe8 29. Ne3 Bc6 30. g3 Kf7 31. Nf5 Bf8 32. f4 Ke6 33. Ne3 d4 34. cxd4 cxd4 35. Nc2 d3 36. Nd4+ Kd5 37. Kf1 Bd7 38. Ke1 Ke4 39. Kd2 Bc5 40. Be3 Bxd4 0-1

[Event "EOBCC 2020"]
[Site "Online"]
[Date "2020.12.18"]
[Round "1.124"]
[White "Larino Nieto, David"]
[Black "Han, Yichen"]
[Result "0-1"]
[WhiteElo "2461"]
[BlackElo "2307"]
[PlyCount "56"]
[EventDate "2020.12.18"]
[EventType "tourn"]
[EventCountry "NET"]

1. Nf3 Nf6 2. b3 d5 3. Bb2 Bg4 4. h3 Bxf3 5. exf3 e6 6. f4 Bd6 7. f5 exf5 8. Qe2+ Kd7 9. Qd3 Re8+ 10. Be2 Qe7 11. Nc3 Nc6 12. O-O-O d4 13. Bf3 dxc3 14. dxc3 Rad8 15. Qxf5+ Qe6 16. Qb5 Kc8 17. Bxc6 bxc6 18. Qa6+ Kb8 19. Kb1 Bc5 20. c4 Ne4 21. f3 Nf2 22. Rxd8+ Rxd8 23. Rc1 Rd1 24. Rxd1 Nxd1 25. a4 Nxb2 26. Kxb2 Qe5+ 27. Ka2 Qc3 28. Kb1 Ba3 0-1

[Event "EOBCC 2020"]
[Site "Online"]
[Date "2020.12.18"]
[Round "1.125"]
[White "Eren, Ataberk"]
[Black "Keinanen, Toivo"]
[Result "1-0"]
[WhiteElo "2321"]
[BlackElo "2460"]
[PlyCount "103"]
[EventDate "2020.12.18"]
[EventType "tourn"]
[EventCountry "NET"]

1. d4 d5 2. Bf4 c5 3. e3 Nc6 4. c3 Qb6 5. Qb3 c4 6. Qc2 e5 7. Bxe5 Bf5 8. Qc1 Nxe5 9. dxe5 Ne7 10. Nf3 Nc6 11. Nbd2 Bg6 12. Be2 Qc7 13. O-O Be7 14. Re1 O-O 15. Bf1 Nxe5 16. Nxe5 Qxe5 17. e4 dxe4 18. Nxc4 Qc7 19. Ne3 Bd6 20. g3 f5 21. Nd5 Qc6 22. Nf4 Bf7 23. h4 Rad8 24. Bg2 Bc5 25. Qc2 Bd6 26. Ne2 Be5 27. Rad1 a5 28. b3 b5 29. Rxd8 Rxd8 30. Rd1 Rc8 31. Qd2 Bxc3 32. Nxc3 Qxc3 33. Qxc3 Rxc3 34. Rd8+ Be8 35. Rxe8+ Kf7 36. Re5 Rc1+ 37. Kh2 g6 38. Rxb5 Rc2 39. Kg1 Rxa2 40. Bf1 Kg7 41. Bc4 a4 42. Rb7+ Kh8 43. Ra7 axb3 44. Rxa2 bxa2 45. Bxa2 Kg7 46. Kf1 Kf6 47. Ke2 Ke5 48. Ke3 h6 49. Bb3 g5 50. h5 f4+ 51. Ke2 e3 52. g4 1-0

[Event "EOBCC 2020"]
[Site "Online"]
[Date "2020.12.18"]
[Round "1.126"]
[White "Teterev, Vitaly"]
[Black "Aizenberg, Benny"]
[Result "1-0"]
[WhiteElo "2460"]
[BlackElo "2279"]
[PlyCount "119"]
[EventDate "2020.12.18"]
[EventType "tourn"]
[EventCountry "NET"]

1. Nf3 Nf6 2. g3 d5 3. Bg2 c5 4. O-O g6 5. d3 Bg7 6. Nbd2 Nc6 7. e4 O-O 8. Re1 e5 9. exd5 Nxd5 10. c3 Be6 11. Nc4 Qc7 12. Ng5 Qe7 13. Nxe6 Qxe6 14. Qb3 Nb6 15. a4 Nxc4 16. dxc4 Na5 17. Qb5 b6 18. Bxa8 Rxa8 19. Rd1 Nxc4 20. Qd7 Qxd7 21. Rxd7 e4 22. Rb1 Ne5 23. Rd5 Nd3 24. Be3 Re8 25. a5 bxa5 26. Bxc5 a6 27. Be3 Rb8 28. Rxa5 Bxc3 29. Rxa6 Nxb2 30. Bc1 Be5 31. Bf4 Bxf4 32. gxf4 Rb4 33. Ra2 Nd3 34. Rxb4 Nxb4 35. Ra4 Nd5 36. Rxe4 Kg7 37. Kg2 Kf6 38. Kf3 Ne7 39. Ra4 Nf5 40. Ra6+ Kg7 41. Ke4 h5 42. Ke5 Nh4 43. Ra3 Nf5 44. h3 Nh4 45. Ra7 Nf5 46. Kd5 Kf6 47. Ra6+ Kg7 48. Ke4 Nh4 49. Ra5 Kf6 50. Rb5 Nf5 51. Rxf5+ gxf5+ 52. Kd5 Kg7 53. Ke5 Kg6 54. h4 f6+ 55. Ke6 Kg7 56. Kxf5 Kf7 57. f3 Kg7 58. Ke6 Kg6 59. f5+ Kg7 60. Ke7 1-0

[Event "EOBCC 2020"]
[Site "Online"]
[Date "2020.12.18"]
[Round "1.127"]
[White "Mostbauer, Florian"]
[Black "Jaracz, Pawel"]
[Result "0-1"]
[WhiteElo "2304"]
[BlackElo "2456"]
[PlyCount "84"]
[EventDate "2020.12.18"]
[EventType "tourn"]
[EventCountry "NET"]

1. d4 d5 2. Nf3 Nf6 3. Bf4 c6 4. e3 Bf5 5. Nbd2 e6 6. h3 Nbd7 7. Nh4 Be4 8. f3 Bg6 9. Nxg6 hxg6 10. Bd3 Nh5 11. Bh2 Qh4+ 12. Kf1 Ng3+ 13. Bxg3 Qxg3 14. Qe1 Qc7 15. f4 Be7 16. Nf3 c5 17. c3 Qb6 18. Qe2 O-O-O 19. a3 c4 20. Bb1 Kb8 21. Kf2 f5 22. Rf1 Rh5 23. Ra2 Rdh8 24. Bc2 g5 25. fxg5 Bxg5 26. Nxg5 Rxg5 27. Bd1 Qd6 28. Ke1 Nf6 29. Qf3 Ne4 30. Bc2 Rg3 31. Bxe4 Rxf3 32. Bxf3 g5 33. Kd2 Qg3 34. Raa1 g4 35. hxg4 fxg4 36. Be2 Rh2 37. Rf8+ Kc7 38. Raf1 Qxg2 39. Re1 g3 40. Rf7+ Kb6 41. Kd1 Qe4 42. Kc1 Rh1 0-1

[Event "EOBCC 2020"]
[Site "Online"]
[Date "2020.12.18"]
[Round "1.128"]
[White "Nikolovski, Nikola"]
[Black "Paszewski, Mateusz"]
[Result "0-1"]
[WhiteElo "2454"]
[BlackElo "2302"]
[PlyCount "78"]
[EventDate "2020.12.18"]
[EventType "tourn"]
[EventCountry "NET"]

1. e4 c6 2. d4 d5 3. exd5 cxd5 4. Bd3 Nc6 5. c3 Nf6 6. Bf4 Bg4 7. Qb3 Qd7 8. Nd2 e6 9. Ngf3 Bd6 10. Bg3 O-O 11. O-O Bxg3 12. hxg3 Qc7 13. Rae1 Ne7 14. Ne5 Bf5 15. Bxf5 Nxf5 16. g4 Nd6 17. f3 Rab8 18. Kf2 b5 19. g5 Nd7 20. Rh1 Nxe5 21. Rxe5 a5 22. f4 b4 23. cxb4 f6 24. Rxe6 fxg5 25. Qxd5 Rxf4+ 26. Ke2 Nf7 27. Kd3 Rd8 28. Qc4 Rfxd4+ 29. Qxd4 Rxd4+ 30. Kxd4 Qd7+ 31. Kc3 axb4+ 32. Kxb4 Qxe6 33. Nc4 Ne5 34. Nxe5 Qxe5 35. b3 Qe4+ 36. Kc3 Qxg2 37. Ra1 Qg3+ 38. Kc2 Qh2+ 39. Kc3 Qe5+ 0-1

[Event "EOBCC 2020"]
[Site "Online"]
[Date "2020.12.18"]
[Round "1.129"]
[White "Fataliyeva, Ulviyya"]
[Black "Polivanov, Anatoliy"]
[Result "1-0"]
[WhiteElo "2301"]
[BlackElo "2452"]
[PlyCount "61"]
[EventDate "2020.12.18"]
[EventType "tourn"]
[EventCountry "NET"]

1. d4 e6 2. c4 f5 3. Nc3 Nf6 4. e3 g6 5. Bd3 Bg7 6. Nge2 O-O 7. O-O d6 8. b4 e5 9. Bb2 Nc6 10. b5 Ne7 11. Rc1 e4 12. Bb1 c6 13. a4 Rf7 14. Ba2 Kh8 15. Ba3 g5 16. f3 exf3 17. Rxf3 Ng6 18. Ng3 f4 19. Nge4 Bg4 20. Nxg5 Re7 21. e4 h6 22. Nh3 Nxe4 23. Nxe4 Rxe4 24. Bb1 Rxd4 25. Qc2 Nf8 26. Nxf4 Bxf3 27. Ng6+ Nxg6 28. Qxg6 Qg8 29. Bb2 Rg4 30. Qxh6+ Qh7 31. Qxh7# 1-0

[Event "EOBCC 2020"]
[Site "Online"]
[Date "2020.12.18"]
[Round "1.130"]
[White "Hirneise, Tobias"]
[Black "Myshakov, Fyodor"]
[Result "0-1"]
[WhiteElo "2452"]
[BlackElo "2292"]
[PlyCount "136"]
[EventDate "2020.12.18"]
[EventType "tourn"]
[EventCountry "NET"]

1. e4 c6 2. d4 d5 3. e5 Bf5 4. Nd2 e6 5. Nb3 Nd7 6. Nf3 Ne7 7. Be2 c5 8. Nxc5 Nxc5 9. dxc5 Nc6 10. Nd4 Be4 11. O-O Bxc5 12. Nxc6 bxc6 13. Bd3 Bg6 14. Qe2 O-O 15. Be3 Bxe3 16. Qxe3 Qb6 17. Bxg6 hxg6 18. Qc3 Rab8 19. b3 Rfc8 20. Rfd1 c5 21. Rab1 c4 22. b4 Rd8 23. a4 Rbc8 24. Qd4 Qxd4 25. Rxd4 Rb8 26. c3 Rb6 27. f4 Rdb8 28. Rbd1 Ra6 29. a5 Rc6 30. g4 Kf8 31. Kg2 Ke7 32. Kg3 a6 33. Rh1 Rcc8 34. h4 Rh8 35. Kf3 Rh7 36. Rd2 Kd7 37. Ke3 Kc6 38. Rdh2 Rbh8 39. Kd4 Kb5 40. h5 gxh5 41. Rxh5 Rxh5 42. gxh5 Rh6 43. Rg1 g6 44. hxg6 Rh3 45. Rd1 fxg6 46. Rd2 Rg3 47. Rd1 Rf3 48. Rd2 Rxf4+ 49. Ke3 Re4+ 50. Kf3 Rxe5 51. Rh2 Rf5+ 52. Ke3 Re5+ 53. Kf3 Rf5+ 54. Ke3 Rg5 55. Rh8 Rg3+ 56. Kd4 Rd3+ 57. Ke5 Rxc3 58. Rb8+ Ka4 59. Rb6 Rd3 60. Rxa6 Kxb4 61. Ra8 Kb5 62. a6 Kb6 63. Kd6 g5 64. Rg8 Kxa6 65. Kc6 Ka5 66. Kc5 Ka4 67. Rxg5 Kb3 68. Rg2 c3 0-1

[Event "EOBCC 2020"]
[Site "Online"]
[Date "2020.12.18"]
[Round "1.131"]
[White "Malicka, Maria"]
[Black "Nikitenko, Mihail"]
[Result "0-1"]
[WhiteElo "2291"]
[BlackElo "2452"]
[PlyCount "64"]
[EventDate "2020.12.18"]
[EventType "tourn"]
[EventCountry "NET"]

1. e4 c6 2. d4 d5 3. Nc3 dxe4 4. Nxe4 Bf5 5. Ng3 Bg6 6. h4 h6 7. Nf3 Nd7 8. h5 Bh7 9. Bd3 Bxd3 10. Qxd3 e6 11. Bd2 Ngf6 12. O-O-O Be7 13. Kb1 Qb6 14. c4 O-O 15. Bf4 Qa6 16. Nf1 b5 17. Ne3 bxc4 18. Qxc4 Qxc4 19. Nxc4 Nd5 20. Bh2 c5 21. g4 cxd4 22. Nxd4 Bf6 23. Nb5 Rfc8 24. Ncd6 Rc6 25. Ne4 Be5 26. Nd4 Rb6 27. Bxe5 Nxe5 28. Rc1 Nxg4 29. Rhg1 Ngf6 30. Nc5 Nxh5 31. Nd7 Rb4 32. Nf3 Rf4 0-1